Extremophiles : where it all began
Αποθηκεύτηκε σε:
| Κύριος συγγραφέας: | |
|---|---|
| Μορφή: | Βιβλίο |
| Γλώσσα: | English |
| Δημοσίευση: |
Tokyo :
Springer,
[2016]
|
| Θέματα: | |
| Ετικέτες: |
Προσθήκη ετικέτας
Δεν υπάρχουν, Καταχωρήστε ετικέτα πρώτοι!
|
MARC
| LEADER | 00000nam a2200000 a 4500 | ||
|---|---|---|---|
| 001 | 1/115977 | ||
| 008 | 180227s2016####ja | ||| |||1 |deng|| | ||
| 020 | |a 9784431554073 | ||
| 040 | |a GR-MyUa |b gre |c GR-MyUa |e AACR2 | ||
| 041 | 0 | |a eng | |
| 082 | 7 | |a 579.092 |2 (23) | |
| 100 | 1 | |a Horikoshi, Koki. | |
| 245 | 1 | 0 | |a Extremophiles : |b where it all began / |c Koki Horikoshi. |
| 260 | |a Tokyo : |b Springer, |c [2016] | ||
| 300 | |a xx, 172 σ. ; |c 24 εκ. | ||
| 504 | |a Περιλαμβάνει βιβλιογραφία (σ. 165-166) και ευρετήρια. | ||
| 650 | 0 | |a Microbiologists |z Japan |x Biography. | |
| 650 | 0 | |a Extreme environments |x Microbiology. | |
| 852 | |a INST |b LESVOS |e 20180227 |h 579.092 HOR |p 005100060020 |q 005100060020 |t BK |y 0 | ||
| 922 | |a 1ΕΛΗ |b 2018/02 |c ΤΕΘ |d Δρες | ||
| 970 | |a Τζαφέρη |b Ευαγγελία |z 27-02-2018 | ||